Alternative Organizing in Times of Crisis: Resistance Assemblages and Socio-Spatial Solidarity

Dokument čerpá z výskumu uskutočneného v Grécku, kde v posledných siedmich rokoch došlo k akútnej sociálno-ekonomickej situácii. Kríza viedla k vzniku viacerých alternatívnych organizačných foriem.

Salvato in:
Dettagli Bibliografici
Autore principale: Daskalaki, Maria
Natura: Capitolo di libro
Lingua:inglese
Soggetti:
Tags: Aggiungi Tag
Nessun Tag, puoi essere il primo ad aggiungerne!!

MARC

LEADER 00000nla a2200000 4500
001 0243897
005 20240417075140.1
041 0 |a eng 
044 |a GB 
245 1 0 |a Alternative Organizing in Times of Crisis: Resistance Assemblages and Socio-Spatial Solidarity  |c Maria Daskalaki 
520 |a Dokument čerpá z výskumu uskutočneného v Grécku, kde v posledných siedmich rokoch došlo k akútnej sociálno-ekonomickej situácii. Kríza viedla k vzniku viacerých alternatívnych organizačných foriem. 
610 2 0 |a kríza hospodárska 
610 2 0 |a Grécko 
610 2 0 |a štruktúra systémov 
610 2 0 |a spoločnosť 
610 2 0 |a zmeny organizačné 
610 2 0 |a zmeny štruktúrne 
610 2 0 |a nerovnosť sociálna 
610 2 0 |a nerovnováha hospodárska 
610 2 0 |a nestabilita hospodárstva 
100 1 |a Daskalaki, Maria